000 00302pam a2200133 a 4500
020 _c
041 _aeng
082 _bCHA
100 _aIndranath Chaudhari.
245 _aEnc. Of Indian Literature I
_hTextual Documents
260 _aNew Delhi
_bSahitya Academy
300 _a1177pg.
930 _a11822
999 _c88725
_d88725